[Event "NOE Landesliga 2019/20"]
[Site "verschiedene"]
[Date "2019.09.22"]
[Round "1"]
[Board "1"]
[White "Groetz, Harald"]
[Black "Froewis, Annika"]
[Result "1-0"]
[WhiteElo "2322"]
[BlackElo "2086"]
[PlyCount "67"]
[EventDate "2019.09.22"]
[EventType "team"]
[EventRounds "9"]
[EventCountry "AUT"]
[WhiteTeam "SV Stockerau"]
[BlackTeam "SGM Bisamberg/Korneuburg"]

1. Nf3 d5 2. g3 Nf6 3. Bg2 e6 4. d4 Be7 5. O-O O-O 6. b3 c5 7. e3 b6 8. Bb2
Nbd7 9. c4 Bb7 10. Nbd2 a5 11. Ne5 Qc7 12. Rc1 Rfd8 13. f4 dxc4 14. Bxb7 Qxb7
15. bxc4 b5 16. cxb5 Qxb5 17. Ba3 Bf8 18. Ndf3 cxd4 19. Nxd4 Qd5 20. Bxf8 Kxf8
21. Ndc6 Re8 22. Qa4 Nxe5 23. fxe5 Ng8 24. Qa3+ Ne7 25. Rfd1 Qe4 26. Rd7 Rac8
27. Rxe7 Rxe7 28. Qxe7+ Kg8 29. Qc5 Kh8 30. Qd4 Qf3 31. Rc4 a4 32. Ne7 Rb8 33.
Rc8+ Rxc8 34. Nxc8  1-0

[Event "NOE Landesliga 2019/20"]
[Site "verschiedene"]
[Date "2019.09.22"]
[Round "1"]
[Board "2"]
[White "Schmidrathner, Christian"]
[Black "Schmid, Thomas"]
[Result "1/2-1/2"]
[WhiteElo "2092"]
[BlackElo "2109"]
[PlyCount "83"]
[EventDate "2019.09.22"]
[EventType "team"]
[EventRounds "9"]
[EventCountry "AUT"]
[WhiteTeam "SGM Bisamberg/Korneuburg"]
[BlackTeam "SV Stockerau"]

1. e4 c5 2. Nf3 d6 3. d4 cxd4 4. Nxd4 Nf6 5. Nc3 a6 6. f3 e5 7. Nb3 Be6 8. Be3
Be7 9. Qd2 O-O 10. O-O-O Nbd7 11. Qf2 b5 12. g4 Bxg4 13. fxg4 Nxg4 14. Qg3 Nxe3
15. Rg1 Bg5 16. Qxg5 Qxg5 17. Rxg5 Nxd1 18. Nxd1 Nf6 19. Nd2 h6 20. Rf5 Rac8
21. a4 bxa4 22. Bxa6 Ra8 23. Bc4 a3 24. bxa3 Rxa3 25. c3 Ng4 26. Kb2 Ra5 27. h3
Nf6 28. Ne3 Rb8+ 29. Kc2 Ra7 30. Nd5 Nxd5 31. Bxd5 Rd8 32. Nc4 Rad7 33. Rf1 g6
34. Ne3 Kg7 35. h4 Rc7 36. Ra1 Rdc8 37. Ra3 Kf8 38. Kd3 Ke7 39. Bc4 Kf8 40. Bd5
Ke7 41. Ba8 Kf8 42. Bd5  1/2-1/2

[Event "NOE Landesliga 2019/20"]
[Site "verschiedene"]
[Date "2019.09.22"]
[Round "1"]
[Board "3"]
[White "Gajic, Zoran"]
[Black "Wetscherek, Gerhard"]
[Result "0-1"]
[WhiteElo "2049"]
[BlackElo "2097"]
[PlyCount "102"]
[EventDate "2019.09.22"]
[EventType "team"]
[EventRounds "9"]
[EventCountry "AUT"]
[WhiteTeam "SV Stockerau"]
[BlackTeam "SGM Bisamberg/Korneuburg"]

1. e4 d6 2. d4 g6 3. Bc4 Nf6 4. Nc3 Bg7 5. f3 O-O 6. Be3 c6 7. Bb3 Qc7 8. Qd2
b5 9. Bh6 a5 10. a3 Na6 11. h4 b4 12. axb4 axb4 13. Nce2 e5 14. h5 d5 15. hxg6
fxg6 16. Bxg7 Kxg7 17. exd5 cxd5 18. Qh6+ Kg8 19. g4 Bb7 20. g5 Nh5 21. Rxh5
gxh5 22. Qe6+ Kh8 23. Qxe5+ Qxe5 24. dxe5 Nc5 25. Rd1 Nxb3 26. cxb3 Kg7 27. Kf2
Rae8 28. Nd4 Rxe5 29. Nge2 Ba6 30. Ng3 h4 31. Nh5+ Kg6 32. Nf6 Rxg5 33. Nd7 Rd8
34. f4 Rg3 35. Ne5+ Kh5 36. Nf5 Rxb3 37. Rg1 Rxb2+ 38. Ke3 d4+ 39. Ke4 Bb7+ 40.
Kd3 Ba6+ 41. Ke4 Bb7+ 42. Kd3 Rg2 43. Ng7+ Rxg7 44. Rxg7 Ba6+ 45. Ke4 h6 46.
Ng4 Rf8 47. Ne5 b3 48. Nf3 b2 49. Nd2 Re8+ 50. Kd5 Re2 51. Ne4 Rxe4  0-1

[Event "NOE Landesliga 2019/20"]
[Site "verschiedene"]
[Date "2019.09.22"]
[Round "1"]
[Board "4"]
[White "Pammer, Andreas"]
[Black "Enkhjargal, Budjav"]
[Result "0-1"]
[WhiteElo "2074"]
[BlackElo "1978"]
[PlyCount "144"]
[EventDate "2019.09.22"]
[EventType "team"]
[EventRounds "9"]
[EventCountry "AUT"]
[WhiteTeam "SGM Bisamberg/Korneuburg"]
[BlackTeam "SV Stockerau"]

1. c4 c6 2. e4 d6 3. d4 Qa5+ 4. Bd2 Qb6 5. Bc3 Nf6 6. Nd2 e5 7. Qb3 Qxb3 8.
axb3 Nbd7 9. Ngf3 Ng4 10. Be2 c5 11. dxe5 Ngxe5 12. O-O Be7 13. Nxe5 dxe5 14.
Bg4 f6 15. Be6 Nb6 16. Bxc8 Nxc8 17. f3 Kf7 18. Rfd1 Nd6 19. Nf1 b5 20. Ne3 b4
21. Be1 a5 22. Ra4 Rhd8 23. Nd5 Bf8 24. Bf2 f5 25. Re1 fxe4 26. fxe4 Nc8 27.
Rea1 Nd6 28. Re1 Nc8 29. Bh4 Rd6 30. Bg3 Nb6 31. Rf1+ Kg8 32. Raa1 a4 33. Nxb6
Rxb6 34. Rxa4 Re8 35. Rd1 Rd6 36. Rd5 Rxd5 37. cxd5 Rc8 38. Ra1 c4 39. Rc1 c3
40. Bxe5 Bc5+ 41. Kf1 Rf8+ 42. Ke1 Re8 43. Bxc3 Rxe4+ 44. Kd1 bxc3 45. bxc3 Re5
46. c4 Re3 47. Kc2 Kf7 48. Rf1+ Ke7 49. Rf3 Re2+ 50. Kc3 Rxg2 51. h3 Ra2 52.
Rg3 g6 53. Rf3 g5 54. Rd3 Kd6 55. Rg3 h6 56. Kd3 Ke5 57. Rf3 Rh2 58. Kc3 h5 59.
b4 Bd4+ 60. Kb3 g4 61. hxg4 hxg4 62. Rf8 g3 63. Re8+ Kd6 64. Re6+ Kd7 65. c5 g2
66. c6+ Kc7 67. Re7+ Kd6 68. Rd7+ Ke5 69. c7 g1=Q 70. c8=Q Qd1+ 71. Ka3 Qa1+
72. Kb3 Rb2+  0-1

[Event "NOE Landesliga 2019/20"]
[Site "verschiedene"]
[Date "2019.09.22"]
[Round "1"]
[Board "1"]
[White "Sandhoefner, Florian"]
[Black "Vyskocil, Neklan"]
[Result "1-0"]
[WhiteElo "2321"]
[BlackElo "2306"]
[PlyCount "81"]
[EventDate "2019.09.22"]
[EventType "team"]
[EventRounds "9"]
[EventCountry "AUT"]
[WhiteTeam "SV Amstetten"]
[BlackTeam "SK Zwettl"]

1. e4 c5 2. Nf3 Nc6 3. d4 cxd4 4. Nxd4 Nf6 5. Nc3 e5 6. Ndb5 d6 7. Be3 a6 8.
Na3 b5 9. Nd5 Nxd5 10. exd5 Ne7 11. c4 Nf5 12. Bd2 Qh4 13. Bd3 Be7 14. O-O O-O
15. cxb5 Nd4 16. bxa6 f5 17. Be3 f4 18. Bxd4 f3 19. Re1 exd4 20. g3 Qf6 21. Nb5
Bd8 22. Re4 Qh6 23. Nxd4 Bf6 24. Nxf3 Bxa6 25. Bxa6 Rxa6 26. Qe2 Rb6 27. Re8
Bxb2 28. Rxf8+ Kxf8 29. Re1 Rb8 30. Qe7+ Kg8 31. Ng5 Rf8 32. Ne6 Rc8 33. Qb7
Rc1 34. Qb8+ Kf7 35. Nd8+ Kg6 36. Qxd6+ Bf6 37. Rxc1 Qxc1+ 38. Kg2 Qc4 39. Qe6
Qxa2 40. Nc6 h6 41. Ne7+  1-0

[Event "NOE Landesliga 2019/20"]
[Site "verschiedene"]
[Date "2019.09.22"]
[Round "1"]
[Board "2"]
[White "Mozny, Milos"]
[Black "Rumpl, Erwin"]
[Result "1/2-1/2"]
[WhiteElo "2279"]
[BlackElo "2274"]
[PlyCount "46"]
[EventDate "2019.09.22"]
[EventType "team"]
[EventRounds "9"]
[EventCountry "AUT"]
[WhiteTeam "SK Zwettl"]
[BlackTeam "SV Amstetten"]

1. d4 Nf6 2. Nf3 b6 3. g3 Bb7 4. Bg2 g6 5. c4 Bg7 6. O-O e6 7. Nc3 Ne4 8. Nxe4
Bxe4 9. Be3 O-O 10. Rc1 d5 11. cxd5 Qxd5 12. Rxc7 Qxa2 13. Qa1 Qxa1 14. Rxa1
Nc6 15. Ne5 Bxg2 16. Nxc6 Bxc6 17. Rxc6 Rfd8 18. Bg5 Rdc8 19. Rxa7 Bxd4 20. Bh6
b5 21. Rxa8 Rxa8 22. e3 Bxb2 23. Rb6 Bg7  1/2-1/2

[Event "NOE Landesliga 2019/20"]
[Site "verschiedene"]
[Date "2019.09.22"]
[Round "1"]
[Board "3"]
[White "Wadsack, Wolfgang"]
[Black "Mlynek, Petr"]
[Result "1-0"]
[WhiteElo "2137"]
[BlackElo "2094"]
[PlyCount "83"]
[EventDate "2019.09.22"]
[EventType "team"]
[EventRounds "9"]
[EventCountry "AUT"]
[WhiteTeam "SV Amstetten"]
[BlackTeam "SK Zwettl"]

1. e4 c6 2. d4 d5 3. exd5 cxd5 4. c4 Nf6 5. Nc3 e6 6. c5 Nc6 7. Nf3 Be7 8. Bb5
O-O 9. O-O Bd7 10. Re1 b6 11. Ne5 Nxe5 12. dxe5 Ne4 13. Rxe4 Bxb5 14. Rg4 Bc6
15. Bh6 f5 16. Rxg7+ Kh8 17. cxb6 Rg8 18. Rxg8+ Qxg8 19. b7 Bxb7 20. Qf3 Rb8
21. Nb5 d4 22. Qg3 Bxg2 23. Kxg2 Rxb5 24. Rc1 Qxg3+ 25. hxg3 Rc5 26. Kf3 Kg8
27. Bf4 Kf7 28. Ke2 Rb5 29. b3 Bc5 30. a4 d3+ 31. Kd1 Rxb3 32. Rxc5 Kg6 33. Rc7
a5 34. Rc6 Rb1+ 35. Kd2 Rb2+ 36. Kxd3 Rxf2 37. Rxe6+ Kh5 38. Rh6+ Kg4 39. Ke3
Rf3+ 40. Kd4 Ra3 41. e6 Rxa4+ 42. Kd5  1-0

[Event "NOE Landesliga 2019/20"]
[Site "verschiedene"]
[Date "2019.09.22"]
[Round "1"]
[Board "4"]
[White "Janetschek, Karl"]
[Black "Dumancic, Pero"]
[Result "1-0"]
[WhiteElo "2222"]
[BlackElo "2020"]
[PlyCount "51"]
[EventDate "2019.09.22"]
[EventType "team"]
[EventRounds "9"]
[EventCountry "AUT"]
[WhiteTeam "SK Zwettl"]
[BlackTeam "SV Amstetten"]

1. e4 e6 2. d4 d5 3. Nd2 dxe4 4. Nxe4 Nf6 5. Nxf6+ Qxf6 6. Nf3 h6 7. Be3 Bd6 8.
a3 O-O 9. c4 Nd7 10. c5 Bf4 11. Qd2 Bxe3 12. Qxe3 Re8 13. Ne5 c6 14. Bd3 Qe7
15. f4 Nf6 16. O-O Nd5 17. Qf2 Bd7 18. h4 Rad8 19. h5 Bc8 20. Rae1 f6 21. Nc4
Qc7 22. g4 e5 23. fxe5 Bxg4 24. Qh4 Qd7 25. Nd6 Rf8 26. e6  1-0

[Event "NOE Landesliga 2019/20"]
[Site "verschiedene"]
[Date "2019.09.22"]
[Round "1"]
[Board "1"]
[White "Hellmayr, Alois"]
[Black "Froewis, Georg"]
[Result "0-1"]
[WhiteElo "2258"]
[BlackElo "2429"]
[PlyCount "62"]
[EventDate "2019.09.22"]
[EventType "team"]
[EventRounds "9"]
[EventCountry "AUT"]
[WhiteTeam "KSV Boehlerwerk"]
[BlackTeam "SGM Voest Krems"]

1. Nf3 b6 2. e4 Bb7 3. Bc4 e6 4. e5 c5 5. O-O Nc6 6. c3 Qc7 7. d4 cxd4 8. cxd4
Rc8 9. Be2 f6 10. exf6 Nxf6 11. Nc3 Nb4 12. Ne5 Nbd5 13. Bg5 Nxc3 14. bxc3 Be7
15. Bd3 O-O 16. c4 d6 17. Ng4 Qc6 18. Ne3 Qe8 19. Rc1 Rc7 20. Qe2 Nh5 21. Bxe7
Rxe7 22. g3 e5 23. Nd5 Bxd5 24. cxd5 Nf6 25. Rc6 exd4 26. Qb2 Ng4 27. Rxd6 Ne5
28. Qc2 Nf3+ 29. Kg2 Qh5 30. h3 Ne1+ 31. Rxe1 Qf3+  0-1

[Event "NOE Landesliga 2019/20"]
[Site "verschiedene"]
[Date "2019.09.22"]
[Round "1"]
[Board "2"]
[White "Kuba, Guenter"]
[Black "Mostbauer, Florian"]
[Result "0-1"]
[WhiteElo "2338"]
[BlackElo "2338"]
[PlyCount "88"]
[EventDate "2019.09.22"]
[EventType "team"]
[EventRounds "9"]
[EventCountry "AUT"]
[WhiteTeam "SGM Voest Krems"]
[BlackTeam "KSV Boehlerwerk"]

1. e4 c6 2. d4 d5 3. Nd2 dxe4 4. Nxe4 Nd7 5. Ng5 Ngf6 6. Bd3 e6 7. N1f3 Bd6 8.
Qe2 h6 9. Ne4 Nxe4 10. Qxe4 Nf6 11. Qe2 Qc7 12. Bd2 b6 13. O-O-O Bb7 14. Ne5
O-O-O 15. f4 Kb8 16. Kb1 c5 17. dxc5 Bxc5 18. Rhe1 h5 19. g3 Ng4 20. Nxg4 hxg4
21. Qxg4 Rxh2 22. f5 e5 23. Qxg7 e4 24. Be2 Rxe2 25. Rxe2 e3 26. Qg4 exd2 27.
Rexd2 Rxd2 28. Rxd2 Qe5 29. a3 Bc8 30. Rd3 Qxf5 31. Qe2 Qe6 32. Qd2 Qe5 33. Qd1
Be7 34. Qd2 Bf6 35. Qb4 Kb7 36. Rf3 Be6 37. Rf4 Bd5 38. c4 Be6 39. Ka1 Bg5 40.
Rf3 Qe2 41. Qc3 Bxc4 42. b3 Be6 43. a4 a5 44. Qd3 Bf6+  0-1

[Event "NOE Landesliga 2019/20"]
[Site "verschiedene"]
[Date "2019.09.22"]
[Round "1"]
[Board "3"]
[White "Heimberger, Reinhard"]
[Black "Enoeckl, Philipp"]
[Result "1/2-1/2"]
[WhiteElo "2241"]
[BlackElo "2275"]
[PlyCount "54"]
[EventDate "2019.09.22"]
[EventType "team"]
[EventRounds "9"]
[EventCountry "AUT"]
[WhiteTeam "KSV Boehlerwerk"]
[BlackTeam "SGM Voest Krems"]

1. d4 Nf6 2. g3 g6 3. Bg2 Bg7 4. e4 d6 5. Ne2 O-O 6. O-O e5 7. h3 b5 8. a4 b4
9. c3 Bb7 10. d5 a5 11. Be3 c6 12. Qd2 cxd5 13. exd5 Na6 14. Nc1 Qc7 15. b3
bxc3 16. Nxc3 Nb4 17. N1a2 Ba6 18. Nb5 Qb8 19. Nxb4 axb4 20. Qxb4 e4 21. Rad1
Rc8 22. Qxd6 Bxb5 23. Qxb8 Raxb8 24. axb5 Rxb5 25. d6 Rd8 26. d7 Rxb3 27. Rd6
Rxd7  1/2-1/2

[Event "NOE Landesliga 2019/20"]
[Site "verschiedene"]
[Date "2019.09.22"]
[Round "1"]
[Board "4"]
[White "Kleiser, Gregor"]
[Black "Mostbauer, Maximilian"]
[Result "0-1"]
[WhiteElo "2152"]
[BlackElo "2209"]
[PlyCount "76"]
[EventDate "2019.09.22"]
[EventType "team"]
[EventRounds "9"]
[EventCountry "AUT"]
[WhiteTeam "SGM Voest Krems"]
[BlackTeam "KSV Boehlerwerk"]

1. d4 e6 2. Nf3 Nf6 3. g3 b6 4. Bg2 Bb7 5. O-O Be7 6. c4 O-O 7. d5 exd5 8. Nd4
Nc6 9. cxd5 Nxd4 10. Qxd4 c5 11. dxc6 dxc6 12. Qa4 Qc8 13. Nc3 c5 14. e4 Bc6
15. Qc2 Qb7 16. Bg5 h6 17. Be3 Rad8 18. Rad1 Rxd1 19. Rxd1 Rd8 20. Nd5 Nxd5 21.
exd5 Bxd5 22. Rxd5 Rxd5 23. Bxh6 Qd7 24. Bxd5 Qxd5 25. Bf4 Qxa2 26. Qe4 Qe6 27.
Qa8+ Kh7 28. Qxa7 Bf6 29. Qa4 g6 30. b3 Bd4 31. Qa2 Qe1+ 32. Kg2 Qe4+ 33. Kh3
g5 34. Bxg5 Qf5+ 35. Kh4 Kg6 36. f4 f6 37. Qd2 fxg5+ 38. fxg5 Bf6  0-1

[Event "NOE Landesliga 2019/20"]
[Site "verschiedene"]
[Date "2019.10.06"]
[Round "2"]
[Board "1"]
[White "Morgunov, Daniel"]
[Black "Sandhoefner, Florian"]
[Result "1/2-1/2"]
[WhiteElo "2329"]
[BlackElo "2321"]
[PlyCount "117"]
[EventDate "2019.09.22"]
[EventType "team"]
[EventRounds "9"]
[EventCountry "AUT"]
[WhiteTeam "ASK Kottingbrunn"]
[BlackTeam "SV Amstetten"]

1. e4 c5 2. Nf3 d6 3. Bb5+ Bd7 4. Bxd7+ Qxd7 5. c4 Nf6 6. Nc3 g6 7. d4 cxd4 8.
Nxd4 Bg7 9. f3 O-O 10. Be3 Nc6 11. O-O Rfd8 12. Qd3 e6 13. Rfd1 Rac8 14. Nxc6
bxc6 15. e5 dxe5 16. Qxd7 Rxd7 17. Rxd7 Nxd7 18. Bxa7 e4 19. fxe4 Ra8 20. Be3
Ne5 21. Bd4 Nxc4 22. Bxg7 Kxg7 23. b3 Na3 24. Rd1 Nb5 25. Na4 e5 26. Rd7 Nd4
27. Kf2 Kf8 28. Ke3 Ke8 29. Rc7 Rd8 30. Nc5 Ra8 31. Na4 Rd8 32. Nc5 Ra8 33. a4
Rb8 34. a5 Nxb3 35. Rb7 Rxb7 36. Nxb7 Kd7 37. a6 Kc7 38. Nd8 Na5 39. a7 Nc4+
40. Kd3 Nb6 41. Nxf7 Kb7 42. Nd8+ Kc7 43. Nf7 Kb7 44. Nxe5 c5 45. Nf7 Kxa7 46.
Ng5 h5 47. Nf7 Kb7 48. h4 Nd7 49. e5 Kc6 50. Ke4 c4 51. Kd4 c3 52. Nd8+ Kc7 53.
Ne6+ Kc6 54. Nf4 c2 55. Nd3 Kc7 56. Kd5 Kd8 57. Kd6 Ke8 58. Nc1 Nf8 59. Na2
 1/2-1/2

[Event "NOE Landesliga 2019/20"]
[Site "verschiedene"]
[Date "2019.10.06"]
[Round "2"]
[Board "2"]
[White "Rumpl, Erwin"]
[Black "Steiner, Bruno"]
[Result "1-0"]
[WhiteElo "2274"]
[BlackElo "2169"]
[PlyCount "61"]
[EventDate "2019.09.22"]
[EventType "team"]
[EventRounds "9"]
[EventCountry "AUT"]
[WhiteTeam "SV Amstetten"]
[BlackTeam "ASK Kottingbrunn"]

1. e4 c5 2. Nf3 e6 3. d3 Nc6 4. g3 g6 5. d4 cxd4 6. Nxd4 d5 7. Bb5 Bd7 8. exd5
exd5 9. O-O Bg7 10. Re1+ Nge7 11. Bxc6 bxc6 12. Bg5 f6 13. Bf4 O-O 14. Nc3 g5
15. Bd6 Re8 16. Qf3 Ng6 17. Rxe8+ Qxe8 18. Qg2 Rc8 19. Na4 f5 20. c3 Bf8 21.
Bxf8 Qxf8 22. b4 Re8 23. Nc5 Qd6 24. Qf1 Bc8 25. Re1 Rxe1 26. Qxe1 Kf7 27. Nf3
h6 28. Nd3 f4 29. Nde5+ Kf6 30. Nxg6 Kxg6 31. Qe8+  1-0

[Event "NOE Landesliga 2019/20"]
[Site "verschiedene"]
[Date "2019.10.06"]
[Round "2"]
[Board "3"]
[White "Fabi-Zojer, Stefan"]
[Black "Rechberger, Franz"]
[Result "1-0"]
[WhiteElo "2178"]
[BlackElo "2108"]
[PlyCount "51"]
[EventDate "2019.09.22"]
[EventType "team"]
[EventRounds "9"]
[EventCountry "AUT"]
[WhiteTeam "ASK Kottingbrunn"]
[BlackTeam "SV Amstetten"]

1. d4 Nf6 2. Bg5 e6 3. e4 h6 4. Bxf6 Qxf6 5. c3 d6 6. Bd3 Nd7 7. Ne2 e5 8. O-O
g6 9. f4 exd4 10. cxd4 Bg7 11. e5 dxe5 12. fxe5 Qb6 13. Nbc3 Bxe5 14. Bc4 O-O
15. Nd5 Qxb2 16. dxe5 Nxe5 17. Rb1 Qa3 18. Qd4 Qd6 19. Bb3 Bf5 20. Rbd1 Ng4 21.
Ng3 Rad8 22. Qc3 c6 23. Ne3 Qc7 24. Nxg4 Bxg4 25. Rxd8 Rxd8 26. Bxf7+  1-0

[Event "NOE Landesliga 2019/20"]
[Site "verschiedene"]
[Date "2019.10.06"]
[Round "2"]
[Board "4"]
[White "Wadsack, Wolfgang"]
[Black "Wirius, Johannes"]
[Result "1/2-1/2"]
[WhiteElo "2137"]
[BlackElo "2147"]
[PlyCount "105"]
[EventDate "2019.09.22"]
[EventType "team"]
[EventRounds "9"]
[EventCountry "AUT"]
[WhiteTeam "SV Amstetten"]
[BlackTeam "ASK Kottingbrunn"]

1. e4 (1. f4) 1... Nf6 2. Nc3 d5 3. exd5 Nxd5 4. Nxd5 Qxd5 5. Qf3 Qc5 6. c3 e5
7. d3 Nc6 8. Be3 Qa5 9. Nh3 Be7 10. Be2 Nd4 11. Bxd4 exd4 12. O-O dxc3 13. bxc3
Qxc3 14. Rac1 Qa5 15. Qg3 O-O 16. Qxc7 Qxc7 17. Rxc7 Bd6 18. Rc2 Bf5 19. g4 Bd7
20. Ng5 Rac8 21. Rxc8 Rxc8 22. Ne4 Ba3 23. Rb1 b6 24. Rb3 Be7 25. Rc3 Rxc3 26.
Nxc3 Be6 27. d4 Bf6 28. d5 Bxc3 29. dxe6 fxe6 30. Bc4 Kf7 31. Kg2 Kf6 32. f4 e5
33. Kf3 exf4 34. Kxf4 Be5+ 35. Kf3 Bxh2 36. a4 Kg5 37. Bb5 h5 38. gxh5 Kxh5 39.
Bc4 g5 40. Bf7+ Kh4 41. Be6 Bd6 42. Bc8 Bc5 43. Be6 Bb4 44. Bf5 Bd2 45. Be6 a6
46. Bc4 g4+ 47. Kg2 a5 48. Bb5 Kg5 49. Be8 Kf4 50. Bd7 g3 51. Be8 Be1 52. Bd7
Ke3 53. Bc6  1/2-1/2

[Event "NOE Landesliga 2019/20"]
[Site "verschiedene"]
[Date "2019.10.06"]
[Round "2"]
[Board "1"]
[White "Mozny, Milos"]
[Black "Groetz, Harald"]
[Result "1/2-1/2"]
[WhiteElo "2279"]
[BlackElo "2322"]
[PlyCount "128"]
[EventDate "2019.09.22"]
[EventType "team"]
[EventRounds "9"]
[EventCountry "AUT"]
[WhiteTeam "SK Zwettl"]
[BlackTeam "SV Stockerau"]

1. d4 Nf6 2. Nf3 g6 3. g3 Bg7 4. Bg2 O-O 5. c4 d6 6. Nc3 c6 7. O-O Nbd7 8. h3
e5 9. e4 Re8 10. Be3 exd4 11. Nxd4 Nc5 12. Qc2 a5 13. Rad1 Qc7 14. Ndb5 cxb5
15. Nxb5 Qe7 16. Nxd6 Nfd7 17. Nxe8 Qxe8 18. f4 b6 19. e5 Bb7 20. Bxb7 Nxb7 21.
Qa4 Nbc5 22. Bxc5 Nxc5 23. Qxe8+ Rxe8 24. Rd6 Rb8 25. Rfd1 Ne6 26. R1d5 h5 27.
h4 Bf8 28. Rc6 Bc5+ 29. Kg2 a4 30. Rd3 Kf8 31. Rd5 Ke7 32. Kh3 Ra8 33. Rd3 Ra7
34. Rc8 Nd4 35. g4 hxg4+ 36. Kxg4 Ne6 37. Rh8 Bd4 38. h5 gxh5+ 39. Rxh5 Bxb2
40. f5 Nf8 41. f6+ Ke8 42. Rh8 Ra8 43. Kf5 Rc8 44. a3 Bc1 45. Rg8 Bb2 46. Rg2
Bc1 47. Rc2 Bh6 48. Rh3 Rc5 49. Rxh6 Ng6 50. Rxg6 fxg6+ 51. Kxg6 Rxe5 52. Rh2
Re3 53. Rh8+ Kd7 54. f7 Rg3+ 55. Kf6 Rf3+ 56. Kg7 Rg3+ 57. Kf8 Rxa3 58. Rh7 Rf3
59. Kg8 Kc6 60. f8=Q Rxf8+ 61. Kxf8 b5 62. cxb5+ Kxb5 63. Ke7 a3 64. Kd6 Kb4
 1/2-1/2

[Event "NOE Landesliga 2019/20"]
[Site "verschiedene"]
[Date "2019.10.06"]
[Round "2"]
[Board "2"]
[White "Batyte, Daiva"]
[Black "Novosadova, Kristyna"]
[Result "1-0"]
[WhiteElo "2167"]
[BlackElo "2177"]
[PlyCount "87"]
[EventDate "2019.09.22"]
[EventType "team"]
[EventRounds "9"]
[EventCountry "AUT"]
[WhiteTeam "SV Stockerau"]
[BlackTeam "SK Zwettl"]

1. Nf3 Nf6 2. c4 g6 3. g3 Bg7 4. Bg2 O-O 5. O-O d5 6. cxd5 Nxd5 7. Nc3 Nb6 8.
d3 Re8 9. Be3 c6 10. Ng5 h6 11. Nge4 N8d7 12. Qc1 Kh7 13. Nc5 Nxc5 14. Bxc5 Nd5
15. a4 b6 16. Ba3 Be6 17. Qd2 Qd7 18. a5 Bh3 19. Bxh3 Qxh3 20. Nxd5 cxd5 21.
axb6 axb6 22. Rac1 Ra4 23. Qe3 b5 24. Bc5 e5 25. b3 Ra2 26. Qf3 Qe6 27. e4 d4
28. b4 Rea8 29. Kg2 h5 30. Rce1 Bh6 31. Re2 R2a3 32. h3 Rc3 33. Rb2 Raa3 34.
Rd1 Kg7 35. Qe2 Bc1 36. Rc2 Rxc2 37. Qxc2 Bg5 38. Rb1 f5 39. Qe2 Ra2 40. Qf3 f4
41. gxf4 Bxf4 42. Bxd4 g5 43. Bb2 g4 44. Qxf4  1-0

[Event "NOE Landesliga 2019/20"]
[Site "verschiedene"]
[Date "2019.10.06"]
[Round "2"]
[Board "3"]
[White "Janetschek, Karl"]
[Black "Schmid, Thomas"]
[Result "0-1"]
[WhiteElo "2222"]
[BlackElo "2109"]
[PlyCount "36"]
[EventDate "2019.09.22"]
[EventType "team"]
[EventRounds "9"]
[EventCountry "AUT"]
[WhiteTeam "SK Zwettl"]
[BlackTeam "SV Stockerau"]

1. e4 c5 2. Nf3 d6 3. d4 cxd4 4. Nxd4 Nf6 5. Nc3 a6 6. Bg5 e6 7. Qd2 h6 8. Bh4
Nxe4 9. Qf4 Nf6 10. Ne4 Be7 11. Bxf6 gxf6 12. O-O-O f5 13. Nxf5 exf5 14. Nxd6+
Bxd6 15. Rxd6 Qg5 16. Qxg5 hxg5 17. Bc4 Ke7 18. Rd2 Nc6  0-1

[Event "NOE Landesliga 2019/20"]
[Site "verschiedene"]
[Date "2019.10.06"]
[Round "2"]
[Board "4"]
[White "Khachatouri, Saro"]
[Black "Mlynek, Petr"]
[Result "1-0"]
[WhiteElo "2005"]
[BlackElo "2094"]
[PlyCount "79"]
[EventDate "2019.09.22"]
[EventType "team"]
[EventRounds "9"]
[EventCountry "AUT"]
[WhiteTeam "SV Stockerau"]
[BlackTeam "SK Zwettl"]

1. e4 c6 2. d4 d5 3. e5 Bf5 4. c4 dxc4 5. Bxc4 e6 6. Nc3 Nd7 7. Nge2 Nb6 8. Bb3
Ne7 9. O-O Ned5 10. Nxd5 Nxd5 11. Nc3 Nxc3 12. bxc3 Be7 13. g4 Bg6 14. f4 Qd7
15. f5 exf5 16. Qf3 f4 17. Bxf4 O-O 18. Rae1 Kh8 19. Re2 Rae8 20. h4 Bxh4 21.
g5 Qf5 22. Bc2 Qe6 23. Bb3 Qf5 24. Bc2 Qe6 25. Qh1 Qg4+ 26. Rg2 Qh5 27. Bd1
Bf2+ 28. Kxf2 Qxh1 29. Rxh1 Be4 30. Bf3 Bxf3 31. Kxf3 f6 32. Rgh2 fxg5 33.
Rxh7+ Kg8 34. Rh8+ Kf7 35. Rxf8+ Rxf8 36. Bxg5 Ke6+ 37. Ke3 Rf5 38. Rg1 Kd5 39.
Bf4 Rf7 40. Rg6  1-0

[Event "NOE Landesliga 2019/20"]
[Site "verschiedene"]
[Date "2019.10.06"]
[Round "2"]
[Board "1"]
[White "Reinwald, Patrick"]
[Black "Hofmann, Thomas"]
[Result "1/2-1/2"]
[WhiteElo "2161"]
[BlackElo "2221"]
[PlyCount "33"]
[EventDate "2019.09.22"]
[EventType "team"]
[EventRounds "9"]
[EventCountry "AUT"]
[WhiteTeam "SGM Bisamberg/Korneuburg"]
[BlackTeam "SGM Mistelbach/Altlichtenwarth"]

1. d4 Nf6 2. c4 e6 3. Nc3 d5 4. cxd5 exd5 5. Bg5 Be7 6. e3 c6 7. Bd3 Be6 8.
Nge2 Nh5 9. Bxe7 Qxe7 10. O-O g6 11. f3 c5 12. dxc5 Qxc5 13. Nd4 Nc6 14. Kh1
Nxd4 15. exd4 Qe7 16. Re1 O-O 17. Qd2  1/2-1/2

[Event "NOE Landesliga 2019/20"]
[Site "verschiedene"]
[Date "2019.10.06"]
[Round "2"]
[Board "2"]
[White "Teuber, Andreas"]
[Black "Wetscherek, Gerhard"]
[Result "1/2-1/2"]
[WhiteElo "2116"]
[BlackElo "2097"]
[PlyCount "24"]
[EventDate "2019.09.22"]
[EventType "team"]
[EventRounds "9"]
[EventCountry "AUT"]
[WhiteTeam "SGM Mistelbach/Altlichtenwarth"]
[BlackTeam "SGM Bisamberg/Korneuburg"]

1. d4 Nf6 2. c4 d6 3. Nf3 Bg4 4. Qb3 b6 5. g3 Nbd7 6. Bg2 c5 7. Nbd2 Rb8 8. Qa4
Qc7 9. b3 g6 10. Bb2 Bg7 11. h3 Bxf3 12. Nxf3 O-O  1/2-1/2

[Event "NOE Landesliga 2019/20"]
[Site "verschiedene"]
[Date "2019.10.06"]
[Round "2"]
[Board "3"]
[White "Ayatollahi, Ehsan"]
[Black "Hajek, Oskar"]
[Result "0-1"]
[WhiteElo "1936"]
[BlackElo "2166"]
[PlyCount "102"]
[EventDate "2019.09.22"]
[EventType "team"]
[EventRounds "9"]
[EventCountry "AUT"]
[WhiteTeam "SGM Bisamberg/Korneuburg"]
[BlackTeam "SGM Mistelbach/Altlichtenwarth"]

1. d4 g6 2. c4 Bg7 3. Nf3 Nf6 4. Nc3 c5 5. d5 O-O 6. e4 d6 7. Be2 e6 8. O-O
exd5 9. cxd5 Na6 10. Nd2 Re8 11. f3 Nc7 12. a4 b6 13. Nc4 Ba6 14. Re1 Nh5 15.
Be3 f5 16. exf5 Bxc4 17. Bxc4 Qh4 18. Ne4 gxf5 19. Bg5 Bd4+ 20. Kh1 Ng3+ 21.
Nxg3 Qxg5 22. Qc2 Qh4 23. Ne2 Bxb2 24. g3 Qf6 25. Rab1 Ba3 26. Nf4 Bb4 27. Re2
Kh8 28. Bd3 Rxe2 29. Bxe2 Ba5 30. Bd3 Rf8 31. Kg1 Qe5 32. Bc4 Rg8 33. Ne6 Nxd5
34. Bxd5 Qxd5 35. Qb2+ Qe5 36. Nf4 Qxb2 37. Rxb2 c4 38. Nd5 c3 39. Re2 Kg7 40.
Re7+ Kh6 41. Rc7 b5 42. Rc6 b4 43. Ne7 Rf8 44. Rxd6+ Kg7 45. Nd5 b3 46. Nxc3
Bxc3 47. Rd7+ Rf7 48. Rd1 b2 49. Kf2 Re7 50. h3 Re1 51. Rd7+ Kf8  0-1